| 000 | 00397nam a22001337a 4500 | ||
|---|---|---|---|
| 082 |
_a342.5491 _bTAN |
||
| 100 | _aTanzilur-Rahman | ||
| 245 |
_aObjectives Resolution and its Impact on Pakistan Constitution and Law / _cTanzilur-Rahman |
||
| 260 |
_aKarachi : _bRoyal Book Company, _c1996. |
||
| 300 | _a202 p. | ||
| 563 | _aHB. | ||
| 650 |
_aLaw, Constitution _9128447 |
||
| 942 |
_2ddc _cBK |
||
| 999 |
_c613404 _d613404 |
||